Nuevos aportes del Rorschach al psicodiagnóstico

Պահպանված է:
Մատենագիտական մանրամասներ
Հիմնական հեղինակ: Gavilán Martiarena, Zunilda (Հեղինակ)
Ձևաչափ: Գիրք
Լեզու:իսպաներեն
Հրապարակվել է: Buenos Aires Paidós 2009
Հրատարակություն:1a. ed
Շարք:Cuadernos de Evaluación Psicológica, 14
Խորագրեր:
Ցուցիչներ: Ավելացրեք ցուցիչ
Չկան պիտակներ, Եղեք առաջինը, ով նշում է այս գրառումը!

MARC

LEADER 00000nam a2200000 a 4500
001 UCG0393
003 CL-VaPUC
008 100325e20090000AG |||||||||||||||||spa|d
020 |a 9789501229141 
082 0 4 |a 155.2842  |b GAV  |2 21 
100 0 |a Gavilán Martiarena, Zunilda  |e author  |9 547781 
245 1 0 |a Nuevos aportes del Rorschach al psicodiagnóstico 
250 |a 1a. ed 
300 |a 278 p 
942 |c BK 
945 |d 20100325 00:00:00  |a rbrito 
260 |a Buenos Aires  |b Paidós  |c 2009 
650 7 |a EVALUACION PSICOLOGICA  |2 CL-VaPUC  |9 375317 
650 7 |a PSICOGIAGNOSTICO  |2 CL-VaPUC  |9 547782 
650 0 |a Test de Rorschach  |9 310418 
583 |a last modification  |c 20121214 12:14:01  |k Rodrigo Vera 
490 0 |a Cuadernos de Evaluación Psicológica, 14 
999 |c 340034  |d 340032 
952 |0 0  |1 0  |4 0  |6 155_284200000000000_GAV_2009  |7 0  |8 A  |9 434369  |a BIBEDU  |b BIBEDU  |d 2019-11-22  |i 4653033  |o 155.2842 GAV 2009  |p 4653033  |r 2019-11-22  |w 2019-11-22  |y BK  |k PSI 
952 |0 0  |1 0  |4 0  |6 155_284200000000000_GAV_2009  |7 0  |8 A  |9 434370  |a BIBEDU  |b BIBEDU  |d 2019-11-22  |i 4653041  |o 155.2842 GAV 2009  |p 4653041  |r 2019-11-22  |w 2019-11-22  |y BK  |k PSI